000 00586nam 22001813 4500
001 200035
090 _a200035
100 _a20260120d u||y0pory50 ba
200 _aNotícia explicativa da folha 52-A : Portimão
_fR. B. Rocha... [et al.]
210 _aLisboa
_cServiços Geológicos de Portugal
_d1983
215 _a57 p.
_cbrochado
_d24 cm
225 _aCarta geológica de Portugal
606 _915715
_aCiências da terra. Ciências geológicas
675 _a55
_vPT
_zpor
701 _915842
_aRocha
_bRogerio Bordalo
_f1941-2018
801 _aPT
_bBMMN
_gRPC
830 _cVanda
990 _cLIVROS